Queen Discography - Statistics

General Stats
  • This quiz has been taken 109 times
  • The average score is 44 of 166
Answer Stats
Hint Answer % Correct
A Night At The Opera Bohemian Rhapsody
85%
News Of The World We Will Rock You
81%
Hot Space Under Pressure
77%
News Of The World We Are The Champions
77%
Sheer Heart Attack Killer Queen
74%
The Game Another One Bites The Dust
71%
Jazz Don't Stop Me Now
70%
A Day At The Races Somebody To Love
70%
Jazz Fat Bottomed Girls
67%
The Works Radio Ga Ga
67%
Innuendo Innuendo
66%
Queen | Queen II Seven Seas Of Rhye
66%
Jazz Bicycle Race
64%
A Kind Of Magic A Kind Of Magic
63%
Innuendo The Show Must Go On
63%
A Night At The Opera I'm In Love With My Car
60%
A Night At The Opera Love Of My Life
60%
The Game Crazy Little Thing Called Love
59%
The Works I Want To Break Free
56%
Queen Keep Yourself Alive
56%
News Of The World Sheer Heart Attack
52%
The Miracle The Miracle
52%
A Kind Of Magic Who Wants To Live Forever
52%
A Day At The Races Good Old-Fashioned Lover Boy
51%
The Works Hammer To Fall
49%
Made In Heaven Made In Heaven
49%
A Night At The Opera You're My Best Friend
49%
The Miracle I Want It All
44%
The Game Play The Game
44%
A Day At The Races Tie Your Mother Down
44%
A Night At The Opera '39
40%
A Kind Of Magic One Vision
40%
The Miracle Breakthru
36%
A Night At The Opera God Save The Queen
36%
Queen Liar
36%
Sheer Heart Attack Now I'm Here
36%
News Of The World Spread Your Wings
36%
Sheer Heart Attack Stone Cold Crazy
36%
Sheer Heart Attack Brighton Rock
34%
Sheer Heart Attack In The Lap Of The Gods
34%
Jazz Mustapha
34%
The Game Save Me
34%
A Kind Of Magic Friends Will Be Friends
33%
Queen My Fairy King
33%
A Night At The Opera Seaside Rendezvous
33%
A Night At The Opera The Prophet's Song
30%
A Night At The Opera Death On Two Legs (Dedicated To...)
29%
Queen Great King Rat
29%
Queen II The March Of The Black Queen
29%
Queen II White Queen (As It Began)
29%
The Works It's A Hard Life
27%
A Night At The Opera Lazing On A Sunday Afternoon
27%
Innuendo These Are The Days Of Our Lives
27%
Hot Space Cool Cat
26%
Queen Doing Alright
26%
Innuendo I'm Going Slightly Mad
26%
Queen Jesus
26%
Queen II Ogre Battle
26%
Queen II Procession
26%
Made In Heaven Too Much Love Will Kill You
26%
Hot Space Body Language
25%
Queen II Father To Son
25%
News Of The World Get Down, Make Love
25%
Made In Heaven Mother Love
25%
News Of The World All Dead, All Dead
23%
Sheer Heart Attack Bring Back That Leroy Brown
23%
The Game Dragon Attack
23%
Sheer Heart Attack Flick Of The Wrist
23%
The Works Is This The World We Created...?
23%
Sheer Heart Attack Lily Of The Valley
23%
Jazz More Of That Jazz
23%
Queen II Nevermore
23%
The Works Tear It Up
23%
The Miracle The Invisible Man
23%
The Game Don't Try Suicide
22%
Innuendo Headlong
22%
Made In Heaven I Was Born To Love You
22%
Queen Son And Daughter
22%
Sheer Heart Attack Tenement Funster
22%
A Day At The Races The Millionaire Waltz
22%
Made In Heaven A Winter's Tale
21%
Innuendo Bijou
21%
A Day At The Races Drowse
21%
A Night At The Opera Good Company
21%
Sheer Heart Attack Misfire
21%
The Miracle Scandal
21%
Queen II The Fairy Feller's Master-Stroke
21%
Queen The Night Comes Down
21%
Innuendo Delilah
19%
Jazz Jealousy
19%
Jazz Let Me Entertain You
19%
Queen Modern Times Rock 'N Roll
19%
News Of The World My Melancholy Blues
19%
The Game Sail Away Sweet Sister
19%
A Night At The Opera Sweet Lady
19%
Queen II The Loser In The End
19%
A Day At The Races You Take My Breath Away
19%
Hot Space Back Chat
18%
Queen II Funny How Love Is
18%
News Of The World It's Late
18%
A Kind Of Magic One Year Of Love
18%
Jazz Fun It
16%
Made In Heaven Heaven For Everyone
16%
The Works Keep Passing The Open Windows
16%
The Miracle Party
16%
Queen II Some Day One Day
16%
A Day At The Races Teo Torriatte (Let Us Cling Together)
16%
A Day At The Races White Man
16%
A Day At The Races You And I
16%
Made In Heaven | The Game It's A Beautiful Day
15%
A Day At The Races Long Away
15%
The Works Man On The Prowl
15%
Hot Space Put Out The Fire
15%
The Game Rock It (Prime Jive)
15%
Made In Heaven Yeah
15%
Made In Heaven You Don't Fool Me
15%
Innuendo Don't Try So Hard
14%
Jazz Dreamer's Ball
14%
News Of The World Fight From The Inside
14%
Jazz Leaving Home Ain't Easy
14%
Hot Space Life Is Real (Song For Lennon)
14%
The Works Machines (Or Back To Humans)
14%
The Game Need Your Loving Tonight
14%
The Works Thank God It's Christmas
14%
The Miracle Was It All Worth It
14%
Hot Space Calling All Girls
12%
The Game Coming Soon
12%
Hot Space Dancer
12%
A Kind Of Magic Gimme The Prize
12%
Jazz In Only Seven Days
12%
The Miracle Khashoggi's Ship
12%
Hot Space Las Palabras De Amor (The Words Of Love)
12%
News Of The World Sleeping On The Sidewalk
12%
Hot Space Staying Power
12%
Innuendo The Hitman
12%
News Of The World Who Needs You
12%
Innuendo All God's People
11%
Jazz Dead On Time
11%
Sheer Heart Attack Dear Friends
11%
A Kind Of Magic Don't Lose Your Head
11%
Innuendo I Can't Live With You
11%
Jazz If You Can't Beat Them
11%
Queen Mad The Swine
11%
Made In Heaven My Life Has Been Saved
11%
Queen II See What A Fool I've Been
11%
Made In Heaven Untitled
11%
Hot Space Action This Day
10%
Made In Heaven Let Me Live
10%
The Miracle My Baby Does Me
10%
The Miracle Rain Must Fall
10%
Innuendo Ride The Wild Wind
10%
Sheer Heart Attack She Makes Me (Stormtrooper In Stilettos)
10%
A Kind Of Magic Princess Of The Universe
8%
Hot Space Soul Brother
7%
The Game A Human Body
5%
The Miracle Chinese Torture
5%
The Miracle Hang On In There
5%
The Works I Go Crazy
5%
News Of The World Feelings, Feelings
4%
The Miracle Hijack My Heart
4%
The Miracle Stealin'
4%
Innuendo Lost Opportunity
3%
Made In Heaven Rock In Rio Blues
3%
A Kind Of Magic Pain Is So Close To Pressure
1%
No matching quizzes found
Score Distribution
Percent of People with Each Score
Percentile by Number Answered
Your Score History
You have not taken this quiz